[Event "HUN-chT2 Breyer 1819"]
[Site "Hungary"]
[Date "2019.01.27"]
[Round "4.3"]
[White "Akots, Gabor"]
[Black "Horvath, Mario"]
[Result "1/2-1/2"]
[WhiteElo "2252"]
[BlackElo "2205"]
[PlyCount "31"]
[EventDate "2018.10.28"]
[EventType "team-tourn"]
[EventRounds "9"]
[EventCountry "HUN"]
[SourceTitle "CBM 189 Extra"]
[Source "ChessBase"]
[SourceDate "2019.06.03"]
[SourceVersion "1"]
[SourceVersionDate "2019.06.03"]
[SourceQuality "1"]
[WhiteTeam "Naszaly Geniusz Tata"]
[BlackTeam "Esztergom"]
[WhiteTeamCountry "HUN"]
[BlackTeamCountry "HUN"]

1. d4 d5 2. Nf3 Nf6 3. c4 c6 4. e3 Bf5 5. Nc3 e6 6. Nh4 Bg4 7. Qb3 Qb6 8. Bd2 Be7 9. Nf3 Nbd7 10. cxd5 Qxb3 11. axb3 exd5 12. Bd3 0-0 13. 0-0 a6 14. Rfc1 Ne8 15. Na4 Nd6 16. b4 1/2-1/2

[Event "HUN-chT2 Breyer 1819"]
[Site "Hungary"]
[Date "2018.10.28"]
[Round "1.1"]
[White "Somogyi, Istvan"]
[Black "Horvath, Mario"]
[Result "1/2-1/2"]
[WhiteElo "2153"]
[BlackElo "2205"]
[PlyCount "79"]
[EventDate "2018.10.28"]
[EventType "team-tourn"]
[EventRounds "9"]
[EventCountry "HUN"]
[SourceTitle "CBM 189 Extra"]
[Source "ChessBase"]
[SourceDate "2019.06.03"]
[SourceVersion "1"]
[SourceVersionDate "2019.06.03"]
[SourceQuality "1"]
[WhiteTeam "Vizugy"]
[BlackTeam "Esztergom"]
[WhiteTeamCountry "HUN"]
[BlackTeamCountry "HUN"]

1. d4 Nf6 2. c4 d6 3. Nc3 Nbd7 4. Nf3 e5 5. e4 Be7 6. Be2 0-0 7. 0-0 h6 8. b3 Re8 9. Qc2 Bf8 10. Ba3 c6 11. dxe5 dxe5 12. Bxf8 Nxf8 13. Rad1 Qc7 14. Rd2 Bg4 15. Nh4 Bxe2 16. Nxe2 Ne6 17. Rfd1 Rad8 18. Nf5 Rxd2 19. Rxd2 Rd8 20. f3 Qb6+ 21. Kf1 c5 22. Ne7+ Kf8 23. Nd5 Qa5 24. Qc3 Qxc3 25. Nexc3 Ng8 26. Ke1 Ne7 27. Nc7 Rxd2 28. Nxe6+ fxe6 29. Kxd2 Nc6 30. Nd1 Ke7 31. Nf2 b6 32. Nd3 Kd6 33. Ke3 Nd4 34. h4 Nc6 35. h5 Nb8 36. g4 Nc6 37. Kf2 Ke7 38. Kg3 Kf6 39. Kf2 Nb4 40. Nc1 1/2-1/2

[Event "SVK-chT1W 1617"]
[Site "Slovakia"]
[Date "2017.03.18"]
[Round "10.5"]
[White "Horvath, Mario"]
[Black "Kostolansky, Sebastian Lukas"]
[Result "1/2-1/2"]
[WhiteElo "2200"]
[BlackElo "2081"]
[PlyCount "84"]
[EventDate "2016.10.15"]
[EventType "team-tourn"]
[EventRounds "11"]
[EventCountry "SVK"]
[SourceTitle "EXT 2019"]
[Source "ChessBase"]
[SourceDate "2018.10.10"]
[SourceVersion "1"]
[SourceVersionDate "2018.10.10"]
[SourceQuality "1"]
[WhiteTeam "Podhajska Termal"]
[BlackTeam "Bratislava Slovan III"]
[WhiteTeamCountry "SVK"]
[BlackTeamCountry "SVK"]

1. d4 Nf6 2. Nf3 e6 3. g3 d5 4. Bg2 c5 5. 0-0 Nc6 6. c3 Be7 7. dxc5 Bxc5 8. Nbd2 0-0 9. Nb3 Bd6 10. Nfd2 e5 11. e4 dxe4 12. Nxe4 Nxe4 13. Bxe4 Be6 14. Be3 Qe7 15. Bg2 Rad8 16. Qh5 h6 17. Rfe1 f5 18. Bxh6 Bf7 19. Qg5 Bxb3 20. axb3 Rf6 21. Bxg7 Qxg7 22. Qxg7+ Kxg7 23. Bxc6 bxc6 24. Rxa7+ Kg6 25. b4 f4 26. Rd1 Re8 27. Rd7 Bb8 28. Rb7 e4 29. gxf4 Bxf4 30. b5 cxb5 31. Rxb5 Rh8 32. Rd7 Bxh2+ 33. Kg2 Bd6 34. Kg1 Rhf8 35. Rd5 Bf4 36. Re7 Bg5 37. Rxe4 Rxf2 38. Rg4 Rf1+ 39. Kg2 R8f2+ 40. Kg3 Rf5 41. Rxf5 Kxf5 42. Rb4 Bf4+ 1/2-1/2

[Event "SVK-chT1W 1617"]
[Site "Slovakia"]
[Date "2016.11.20"]
[Round "4.5"]
[White "Horvath, Mario"]
[Black "Lintner, Igor"]
[Result "0-1"]
[WhiteElo "2200"]
[BlackElo "2241"]
[PlyCount "66"]
[EventDate "2016.10.15"]
[EventType "team-tourn"]
[EventRounds "11"]
[EventCountry "SVK"]
[SourceTitle "EXT 2018"]
[Source "ChessBase"]
[SourceDate "2017.10.13"]
[SourceVersion "1"]
[SourceVersionDate "2017.10.13"]
[SourceQuality "1"]
[WhiteTeam "Podhajska Termal"]
[BlackTeam "Bratislava KSN"]
[WhiteTeamCountry "SVK"]
[BlackTeamCountry "SVK"]

1. c4 e5 2. Nc3 Nf6 3. g3 d5 4. cxd5 Nxd5 5. Bg2 Nb6 6. Nf3 Nc6 7. d3 Be7 8. 0-0 Be6 9. Be3 f5 10. a4 0-0 11. a5 Nd5 12. Nxd5 Bxd5 13. a6 b6 14. Qa4 Bf6 15. Rfc1 Qd6 16. Nd2 Bxg2 17. Kxg2 Ne7 18. Qc4+ Kh8 19. Rc2 Nd5 20. Nb1 c5 21. Bd2 Rad8 22. Na3 f4 23. Nb5 Qe7 24. Rb1 Bg5 25. b4 fxg3 26. hxg3 Bxd2 27. Rxd2 Qg5 28. e3 Rxf2+ 29. Kxf2 Qxe3+ 30. Kg2 Qxd2+ 31. Kg1 Qe3+ 32. Kg2 Rf8 33. Qxd5 Rf2+ 0-1

[Event "SVK-chT2B 1415"]
[Site "Slovakia"]
[Date "2014.10.12"]
[Round "2.5"]
[White "Kovac, Lubomir2222"]
[Black "Horvath, Mario"]
[Result "1-0"]
[WhiteElo "2127"]
[BlackElo "2264"]
[PlyCount "115"]
[EventDate "2014.10.11"]
[EventType "team-tourn"]
[EventRounds "11"]
[EventCountry "SVK"]
[SourceTitle "EXT 2019"]
[Source "ChessBase"]
[SourceDate "2018.10.10"]
[SourceVersion "1"]
[SourceVersionDate "2018.10.10"]
[SourceQuality "1"]
[WhiteTeam "Sala Slovan Duslo"]
[BlackTeam "Podhajska Termal"]
[WhiteTeamCountry "SVK"]
[BlackTeamCountry "SVK"]

1. d4 c5 2. d5 e5 3. e4 d6 4. Bd3 Be7 5. Ne2 Bg5 6. Bxg5 Qxg5 7. Ng3 Ne7 8. Qd2 Qf6 9. a4 0-0 10. Na3 Ng6 11. Nb5 Na6 12. c3 Nh4 13. f3 Bh3 14. Bf1 Bd7 15. Bd3 Rfc8 16. 0-0 c4 17. Be2 Nc5 18. Bxc4 a6 19. Na3 Nxa4 20. Bb3 Nc5 21. Bd1 Ba4 22. Nc4 Bb5 23. Nb6 Bxf1 24. Nxf1 Qd8 25. Nxa8 Rxa8 26. b4 Nd7 27. g3 Ng6 28. c4 Rc8 29. Ne3 Qg5 30. Kf2 Ne7 31. Qd3 g6 32. h4 Qh6 33. Ba4 Nb6 34. Bb3 Qf8 35. g4 Qh6 36. Rh1 g5 37. h5 Qf6 38. Rc1 Nd7 39. Rc2 Kf8 40. Kg2 a5 41. Ba4 Nb6 42. Qb3 Qf4 43. Rc3 f5 44. Bb5 fxe4 45. Nf1 a4 46. Qc2 Kg7 47. Qxe4 Nexd5 48. Ra3 Qxe4 49. fxe4 Nxb4 50. Ne3 Kf7 51. Nf5 Ke6 52. Ng7+ Kf6 53. Nf5 Nc2 54. Ra2 Nb4 55. Ra3 Rd8 56. Rf3 Nc2 57. Nd4+ Ke7 58. Nxc2 1-0

[Event "Nove Zamky op"]
[Site "Nove Zamky"]
[Date "2009.08.13"]
[Round "3"]
[White "Bagi, Mate"]
[Black "Horvath, Mario"]
[Result "1/2-1/2"]
[WhiteElo "2073"]
[BlackElo "2311"]
[PlyCount "86"]
[EventDate "2009.08.12"]
[EventType "swiss"]
[EventRounds "7"]
[EventCountry "SVK"]
[SourceTitle "CBM 132 Extra"]
[Source "ChessBase"]
[SourceDate "2009.11.03"]
[SourceVersion "1"]
[SourceVersionDate "2009.11.03"]
[SourceQuality "1"]

1. e4 c5 2. Nf3 d6 3. d4 cxd4 4. Nxd4 Nf6 5. Nc3 g6 6. Be3 Bg7 7. f3 0-0 8. Qd2 Nc6 9. 0-0-0 Nxd4 10. Bxd4 Be6 11. Kb1 Qc7 12. g4 Rfc8 13. h4 Qa5 14. a3 Rab8 15. h5 b5 16. Nd5 Qxd2 17. Nxf6+ Bxf6 18. Rxd2 Bxd4 19. Rxd4 Rc5 20. hxg6 fxg6 21. Be2 Rf8 22. Bd1 h5 23. gxh5 gxh5 24. Rh4 Rg5 25. b3 Kg7 26. Kb2 Bf7 27. f4 Rc5 28. Be2 Rfc8 29. Rd2 a5 30. b4 axb4 31. axb4 Rc3 32. Bxh5 Bxh5 33. Rxh5 R3c4 34. Rxb5 Rxe4 35. f5 Kf6 36. Rf2 Re3 37. Rb7 Rc4 38. Kc1 Rb3 39. b5 Rc5 40. b6 Rc6 41. Re2 Rcxb6 42. Rbxe7 Rb1+ 43. Kd2 Rf1 1/2-1/2

[Event "HUN-chT2 Breyer 0809"]
[Site "Hungary"]
[Date "2008.10.26"]
[Round "1"]
[White "Fancsy, Imre"]
[Black "Horvath, Mario"]
[Result "1/2-1/2"]
[WhiteElo "2387"]
[BlackElo "2300"]
[PlyCount "46"]
[EventDate "2008.10.26"]
[EventType "team-tourn"]
[EventRounds "11"]
[EventCountry "HUN"]
[SourceTitle "EXT 2010"]
[Source "ChessBase"]
[SourceDate "2010.11.25"]
[SourceVersion "1"]
[SourceVersionDate "2010.11.25"]
[SourceQuality "1"]
[WhiteTeam "Balatonfuered"]
[BlackTeam "Esztergom"]
[WhiteTeamCountry "HUN"]
[BlackTeamCountry "HUN"]

1. Nf3 d5 2. d4 Nf6 3. c4 c6 4. Qc2 g6 5. Bf4 dxc4 6. Qxc4 Bg7 7. Nc3 Bf5 8. Ng5 0-0 9. e4 Bc8 10. Rd1 b5 11. Qb3 h6 12. Nf3 Qa5 13. Bd2 b4 14. e5 bxc3 15. Bxc3 Qb6 16. exf6 Qxb3 17. axb3 Bxf6 18. Bc4 Nd7 19. Ne5 Bxe5 20. dxe5 Nb6 21. Ra1 Bf5 22. Ra6 Be4 23. 0-0 Rfb8 1/2-1/2

[Event "SVK-chT1W 0809"]
[Site "Slovakia"]
[Date "2008.10.19"]
[Round "2.5"]
[White "Dobrotka, Martin"]
[Black "Horvath, Mario"]
[Result "1-0"]
[WhiteElo "2300"]
[BlackElo "2219"]
[PlyCount "109"]
[EventDate "2008.10.18"]
[EventType "team-tourn"]
[EventRounds "11"]
[EventCountry "SVK"]
[SourceTitle "EXT 2010"]
[Source "ChessBase"]
[SourceDate "2010.11.25"]
[SourceVersion "1"]
[SourceVersionDate "2010.11.25"]
[SourceQuality "1"]
[WhiteTeam "Prievidza SK"]
[BlackTeam "Galanta"]
[WhiteTeamCountry "SVK"]
[BlackTeamCountry "SVK"]

1. d4 Nf6 2. Nf3 d6 3. g3 Nbd7 4. Bg2 g6 5. 0-0 Bg7 6. c4 0-0 7. Nc3 e5 8. d5 h6 9. e4 Nc5 10. Ne1 a5 11. b3 Ne8 12. Nd3 f5 13. Nxc5 dxc5 14. Na4 b6 15. d6 Bb7 16. exf5 e4 17. Rb1 gxf5 18. dxc7 Qxc7 19. Bf4 Qc6 20. Qd5+ Qxd5 21. cxd5 Rf6 22. Rfd1 Rd8 23. Bf1 Rg6 24. d6 Bd4 25. Nxb6 Nxd6 26. Rbc1 Nf7 27. Na4 Rc8 28. h4 Kg7 29. Bc4 Nd6 30. Be2 Nf7 31. Bc4 Nd8 32. h5 Rf6 33. Be2 Ne6 34. Be3 f4 35. gxf4 Kh7 36. Kf1 Nxf4 37. Bxd4 cxd4 38. Rxc8 Bxc8 39. Rxd4 e3 40. f3 Nxh5 41. Bd3+ Kg7 42. Ke2 Re6 43. Rg4+ Kf6 44. Nb6 Bb7 45. Nd7+ Ke7 46. Nc5 Rb6 47. Nxb7 Rxb7 48. Kxe3 Rb4 49. Bc4 Rb6 50. a4 Rf6 51. Re4+ Kd6 52. Rd4+ Kc7 53. Rd5 Re6+ 54. Kf2 Nf4 55. Rf5 1-0

[Event "Nove Zamky op"]
[Site "Nove Zamky"]
[Date "2008.08.09"]
[Round "6"]
[White "Horvath, Mario"]
[Black "Tomanek, Rafael"]
[Result "1-0"]
[WhiteElo "2295"]
[BlackElo "1993"]
[PlyCount "41"]
[EventDate "2008.08.06"]
[EventType "swiss"]
[EventRounds "7"]
[EventCountry "SVK"]
[SourceTitle "EXT 2010"]
[Source "ChessBase"]
[SourceDate "2010.11.25"]
[SourceVersion "1"]
[SourceVersionDate "2010.11.25"]
[SourceQuality "1"]

1. d4 d5 2. c4 e6 3. Nf3 Nf6 4. g3 Be7 5. Bg2 0-0 6. 0-0 Nbd7 7. Qc2 c5 8. Rd1 cxd4 9. cxd5 exd5 10. Nxd4 Nb6 11. Nc3 Be6 12. h3 Rc8 13. Qb3 Qd7 14. Kh2 Rfd8 15. Ncb5 a6 16. Nxe6 fxe6 17. Nd4 Nc4 18. Bd2 Nd6 19. Bg5 Ng4+ 20. hxg4 Bxg5 21. Nxe6 1-0

[Event "Nove Zamky op"]
[Site "Nove Zamky"]
[Date "2008.08.07"]
[Round "3"]
[White "Horvath, Mario"]
[Black "Sallai, Kalman"]
[Result "1-0"]
[WhiteElo "2295"]
[BlackElo "2152"]
[PlyCount "65"]
[EventDate "2008.08.06"]
[EventType "swiss"]
[EventRounds "7"]
[EventCountry "SVK"]
[SourceTitle "EXT 2010"]
[Source "ChessBase"]
[SourceDate "2010.11.25"]
[SourceVersion "1"]
[SourceVersionDate "2010.11.25"]
[SourceQuality "1"]

1. d4 d5 2. c4 c6 3. e3 e6 4. Nf3 Nf6 5. Nbd2 Nbd7 6. b3 a6 7. Bd3 c5 8. 0-0 cxd4 9. exd4 Be7 10. Bb2 0-0 11. Qe2 Re8 12. Rfe1 Bf8 13. Rad1 b6 14. Ne5 Bb7 15. Ndf3 g6 16. Ng5 Nxe5 17. dxe5 Nd7 18. Qg4 Bg7 19. Re3 Nc5 20. Bb1 h5 21. Qg3 Rf8 22. Nh3 Qe7 23. Nf4 Ne4 24. Qf3 Rad8 25. Qe2 Bh6 26. cxd5 exd5 27. Rf3 Nc5 28. Nxh5 Ne4 29. Nf6+ Nxf6 30. Rxf6 Bg7 31. Rxb6 d4 32. e6 f5 33. Rxb7 1-0

[Event "Nove Zamky op"]
[Site "Nove Zamky"]
[Date "2008.08.07"]
[Round "2"]
[White "Lengyel, Istvan"]
[Black "Horvath, Mario"]
[Result "0-1"]
[WhiteElo "1985"]
[BlackElo "2295"]
[PlyCount "52"]
[EventDate "2008.08.06"]
[EventType "swiss"]
[EventRounds "7"]
[EventCountry "SVK"]
[SourceTitle "EXT 2010"]
[Source "ChessBase"]
[SourceDate "2010.11.25"]
[SourceVersion "1"]
[SourceVersionDate "2010.11.25"]
[SourceQuality "1"]

1. e4 c5 2. Nf3 d6 3. d4 cxd4 4. Nxd4 Nf6 5. Nc3 g6 6. f3 Bg7 7. Be3 0-0 8. Qd2 Nc6 9. Bc4 Bd7 10. 0-0-0 Qa5 11. h4 Rfc8 12. Bb3 Ne5 13. g4 Nc4 14. Bxc4 Rxc4 15. h5 Rac8 16. h6 Bh8 17. Nb3 Qc7 18. Bd4 b5 19. Rh2 b4 20. Nd5 Nxd5 21. Bxh8 Ne3 22. c3 Nxd1 23. Bg7 Nxc3 24. bxc3 a5 25. Qe1 a4 26. Na1 f6 0-1